Diario Frida Kahlo (Record no. 1406)

MARC details
000 -CABECERA
campo de control de longitud fija 00919nam a2200265 a 4500
001 - NÚMERO DE CONTROL
campo de control BRCA_1572
005 - FECHA Y HORA DE LA ÚLTIMA TRANSACCIÓN
campo de control 20190320203456.0
008 - DATOS DE LONGITUD FIJA--INFORMACIÓN GENERAL
campo de control de longitud fija 960329s1995 mx-a---##b---#001-0aspa-d
020 ## - NÚMERO INTERNACIONAL ESTÁNDAR DEL LIBRO
Número Internacional Estándar del Libro 9687559004
040 ## - FUENTE DE LA CATALOGACIÓN
Centro catalogador/agencia de origen BXM
Centro/agencia transcriptor BXM
Centro/agencia modificador PL#
050 #4 - SIGNATURA TOPOGRÁFICA DE LA BIBLIOTECA DEL CONGRESO
Número de clasificación ND259.K3
Número de documento/Ítem .D53 1995
245 10 - MENCIÓN DE TÍTULO
Título Diario Frida Kahlo
Resto del título autorretrato íntimo
Mención de responsabilidad, etc. introducción Carlos Fuentes ; ensayos Karen Cordero ... [et al.].
260 ## - PUBLICACIÓN, DISTRIBUCIÓN, ETC.
Lugar de publicación, distribución, etc. México
Nombre del editor, distribuidor, etc. La Vaca Independiente
260 ## - PUBLICACIÓN, DISTRIBUCIÓN, ETC.
Lugar de publicación, distribución, etc. Nueva York
Nombre del editor, distribuidor, etc. Harry N. Abrams
Fecha de publicación, distribución, etc. c1995
300 ## - DESCRIPCIÓN FÍSICA
Extensión xiv, 296 p.
Otras características físicas il.
Dimensiones 25 cm.
500 ## - NOTA GENERAL
Nota general Título de cubierta : Diario : autorretrato íntimo
500 ## - NOTA GENERAL
Nota general Incluye índice onomástico
504 ## - NOTA DE BIBLIOGRAFÍA, ETC.
Nota de bibliografía, etc. Bibliografía: p. 293
600 14 - PUNTO DE ACCESO ADICIONAL DE MATERIA--NOMBRE DE PERSONA
Nombre de persona Kahlo, Frida
Fechas asociadas al nombre 1907-1954
Subdivisión general Diarios
9 (RLIN) 5024
650 14 - PUNTO DE ACCESO ADICIONAL DE MATERIA--TÉRMINO DE MATERIA
Término de materia o nombre geográfico como elemento de entrada Pintoras
Subdivisión general Diarios
Subdivisión cronológica Siglo XX
Subdivisión geográfica México
9 (RLIN) 5025
650 14 - PUNTO DE ACCESO ADICIONAL DE MATERIA--TÉRMINO DE MATERIA
Término de materia o nombre geográfico como elemento de entrada Surrealismo
Subdivisión geográfica México
9 (RLIN) 4990
700 1# - PUNTO DE ACCESO ADICIONAL--NOMBRE DE PERSONA
Nombre de persona Fuentes, Carlos
9 (RLIN) 5026
700 1# - PUNTO DE ACCESO ADICIONAL--NOMBRE DE PERSONA
Nombre de persona Cordero, Karen
9 (RLIN) 5027
942 ## - ELEMENTOS DE PUNTO DE ACCESO ADICIONAL (KOHA)
Fuente del sistema de clasificación o colocación Library of Congress Classification
Tipo de ítem Koha Libros
Holdings
Estado de retiro Estado de pérdida Estado dañado No para préstamo Localización permanente Ubicación/localización actual Fecha de adquisición Total de préstamos Signatura topográfica completa Código de barras Fecha visto por última vez Precio válido a partir de Tipo de ítem Koha
El ejemplar forma parte de la colección y puede ser consultado según las políticas vigentes.       Biblioteca del Museo Franz Mayer (Rogerio Casas-Alatriste) Biblioteca del Museo Franz Mayer (Rogerio Casas-Alatriste) 26/06/2008   ND259.K3 .D53 1995 02128 22/03/2019 22/03/2019 Libros